000 00580nam a2200217Ia 4500
003 OSt
005 20230327111801.0
008 210423s2004 xx 000 0 und d
020 _a8122401899
040 _cAL
041 _aeng
082 _a658.403 SRIU
100 _aSRIVASTAVA (U K);others.
_978246
245 _aQuantitative techniques for managerial decisions.
250 _a2
260 _aNew Delhi
_bNew American Library
_c2004
300 _axv,941
_bPB
365 _b265
_cINR
906 _adecisions. ; managerial ; Quantitative ; techniques
942 _2ddc
_cBK
999 _c156082
_d156082